000 00534nam a22001697a 4500
005 20251108164048.0
008 250721s1981 xx 000 0 ara d
082 1 4 _a216,9/تيم
100 1 _aإبن تيمية، تقي الدين ...
245 1 0 _aالسياسة الشرعية في إصلاح الراعي و الرعية /
264 1 _aالقاهرة :
_bدار الهلال،
_c1981.
300 _a161ص
490 0 _aكتاب الهلال
650 1 7 _aالأحكام السلطانية
942 _2ddc
_cBK
999 _c2656
_d2656